Loading...

BRUHTSAMHITHA (ബൃഹത്സംഹിത)

Bibliographic Details
Main Author: KODUNGALLOOR KOCHUNNI THAMPURAN (കൊടുങ്ങല്ലൂർ കൊച്ചുണ്ണി തമ്പുരാൻ)
Format: Printed Book
Published: MANGALODAYAM
Online Access:http://10.26.1.76/ks/006346.pdf
LEADER 00538nam a22001217a 4500
100 |a KODUNGALLOOR KOCHUNNI THAMPURAN (കൊടുങ്ങല്ലൂർ കൊച്ചുണ്ണി തമ്പുരാൻ)  |9 38714 
245 |a BRUHTSAMHITHA (ബൃഹത്സംഹിത) 
260 |b MANGALODAYAM 
300 |a P.358-364; 373-377; 423-425  |b 6.10, 1089 (ME); 6.11, 1089; 6.12, 1089 
856 |u http://10.26.1.76/ks/006346.pdf 
942 |c KS 
999 |c 90604  |d 90604 
952 |0 0  |1 0  |4 0  |7 0  |9 83130  |a MGUL  |b MGUL  |d 2016-08-19  |l 0  |r 2016-08-19  |w 2016-08-19  |y KS